<?xml version="1.0" encoding="UTF-8"?><?xml-stylesheet type="text/xsl" href="static/style.xsl"?><OAI-PMH xmlns="http://www.openarchives.org/OAI/2.0/" xmlns:xsi="http://www.w3.org/2001/XMLSchema-instance" xsi:schemaLocation="http://www.openarchives.org/OAI/2.0/ http://www.openarchives.org/OAI/2.0/OAI-PMH.xsd"><responseDate>2026-04-17T23:19:15Z</responseDate><request verb="GetRecord" identifier="oai:www.recercat.cat:2117/446188" metadataPrefix="marc">https://recercat.cat/oai/request</request><GetRecord><record><header><identifier>oai:recercat.cat:2117/446188</identifier><datestamp>2025-11-13T11:10:59Z</datestamp><setSpec>com_2072_1033</setSpec><setSpec>col_2072_452951</setSpec></header><metadata><record xmlns="http://www.loc.gov/MARC21/slim" xmlns:dcterms="http://purl.org/dc/terms/" xmlns:xsi="http://www.w3.org/2001/XMLSchema-instance" xmlns:doc="http://www.lyncode.com/xoai" xsi:schemaLocation="http://www.loc.gov/MARC21/slim http://www.loc.gov/standards/marcxml/schema/MARC21slim.xsd">
   <leader>00925njm 22002777a 4500</leader>
   <datafield ind2=" " ind1=" " tag="042">
      <subfield code="a">dc</subfield>
   </datafield>
   <datafield ind2=" " ind1=" " tag="720">
      <subfield code="a">Rodríguez Melero, José</subfield>
      <subfield code="e">author</subfield>
   </datafield>
   <datafield ind2=" " ind1=" " tag="260">
      <subfield code="c">2025-10-27</subfield>
   </datafield>
   <datafield ind2=" " ind1=" " tag="520">
      <subfield code="a">El presente Trabajo Final de Grado desarrolla y documenta desde cero un sistema de logging y tratamiento de señales CAN para la moto eléctrica del E3 Team, buscando y comparando soluciones de logging y culminando en un flujo reproducible que no depende del vehículo real. La validación se protege totalmente en banco mediante dos ECUs simuladas con Arduino UNO y CAN-BUS Shield, una hace de BMS y lanza tramas de tensión y corriente con periodos y amplitudes conocidas, y otra hace de sensores del inversor DC-DC que emite temperatura y humedad. Estas señales circulan por un bus correctamente condicionado con terminaciones de 120 ohms en los extremos, masa de comunicaciones común y coincidencia exacta del baudrate, lo que asegura un entorno de pruebas estable y controlado. En estas condiciones, el logger elegido captura los mensajes con timestamp de alta precisión directamente sobre memoria extraible, y los ficheros generados se convierten a formatos estándar, es decir en MDF4, BLF o CSV para ser gastados posteriormente con las herramientas habituales, CANoe para su decodificación bajo DBC, y Excel para un gráfico rápido una vez se haga la extracción de datos. 
El paso de “trama cruda” a “señal interpretada” está solucionado con una DBC común para todos que fija IDs, nombres de señales, unidades y escalados, sin dejar nada a la ambigüedad y asegurando que cualquier miembro del equipo pueda extraer la misma señal del mismo fichero de registro. El flujo queda descrito de extremo a extremo, con cableado y topología del bus, configuración de canales y velocidad, carga y uso del DBC, aplicación específica de filtros y triggers al resultar útil para capturar sólo lo relevante, exportar a formatos open y generación de gráficas que muestran exactamente las formas de onda, magnitudes y periodos que se ha querido reproducir en el banco.
Con este montaje el trabajo es capaz de demostrar de forma práctica y comprobable que el E3 Team tiene a su disposición un pipeline robusto y repro</subfield>
   </datafield>
   <datafield ind1="8" ind2=" " tag="024">
      <subfield code="a">http://hdl.handle.net/2117/446188</subfield>
   </datafield>
   <datafield tag="653" ind2=" " ind1=" ">
      <subfield code="a">Àrees temàtiques de la UPC::Enginyeria de la telecomunicació::Telemàtica i xarxes d'ordinadors</subfield>
   </datafield>
   <datafield tag="653" ind2=" " ind1=" ">
      <subfield code="a">Àrees temàtiques de la UPC::Enginyeria electrònica</subfield>
   </datafield>
   <datafield tag="653" ind2=" " ind1=" ">
      <subfield code="a">Data transmission systems</subfield>
   </datafield>
   <datafield tag="653" ind2=" " ind1=" ">
      <subfield code="a">Wearable technology</subfield>
   </datafield>
   <datafield tag="653" ind2=" " ind1=" ">
      <subfield code="a">CANoe</subfield>
   </datafield>
   <datafield tag="653" ind2=" " ind1=" ">
      <subfield code="a">Motostudent</subfield>
   </datafield>
   <datafield tag="653" ind2=" " ind1=" ">
      <subfield code="a">ECU</subfield>
   </datafield>
   <datafield tag="653" ind2=" " ind1=" ">
      <subfield code="a">Vector</subfield>
   </datafield>
   <datafield tag="653" ind2=" " ind1=" ">
      <subfield code="a">Sistema</subfield>
   </datafield>
   <datafield tag="653" ind2=" " ind1=" ">
      <subfield code="a">Vector Logger Suite</subfield>
   </datafield>
   <datafield tag="653" ind2=" " ind1=" ">
      <subfield code="a">Timestamp</subfield>
   </datafield>
   <datafield tag="653" ind2=" " ind1=" ">
      <subfield code="a">ID</subfield>
   </datafield>
   <datafield tag="653" ind2=" " ind1=" ">
      <subfield code="a">CAN</subfield>
   </datafield>
   <datafield tag="653" ind2=" " ind1=" ">
      <subfield code="a">Bus CAN</subfield>
   </datafield>
   <datafield tag="653" ind2=" " ind1=" ">
      <subfield code="a">Dades--Transmissió</subfield>
   </datafield>
   <datafield tag="653" ind2=" " ind1=" ">
      <subfield code="a">Dispositius portables</subfield>
   </datafield>
   <datafield tag="653" ind2=" " ind1=" ">
      <subfield code="a">Vehicles elèctrics</subfield>
   </datafield>
   <datafield ind2="0" ind1="0" tag="245">
      <subfield code="a">Sistema de adquisición de datos mediante BUS CAN y su post procesado en vehículos eléctricos de competición</subfield>
   </datafield>
</record></metadata></record></GetRecord></OAI-PMH>